| 000 | 00612nam a22001815i 4500 | ||
|---|---|---|---|
| 001 | 161482 | ||
| 003 | ES-MaACL | ||
| 005 | 20250711181114.0 | ||
| 008 | 041020s1853 sp |||| | spa d | ||
| 040 |
_aCAM _bspa _cCAM |
||
| 080 | _a913(460.355 C.)(036) | ||
| 245 | 0 | 0 | _aPaseo histórico-artístico por Cádiz para que sirva de guia á los viageros [sic] que visiten esta capital. |
| 260 |
_aCadiz : _b[s.n.], _c1853 ( _fImp. de Filomeno Fernandez de Arjona) |
||
| 300 |
_a261 p., [1] h. ; _c16 cm. |
||
| 651 | 4 |
_aCádiz- _vGuías turísticas _97915 |
|
| 852 |
_aES-MaACL _jD-2758 |
||
| 999 |
_c161482 _d161482 |
||